Guía de identificación animal y trazabilidad de carnes argentinas /

Guardado en:
Autor Principal: Gimeno, Marcela A.
Formato: Libro
Idioma:Spanish
Publicado: Buenos Aires : Infocampo, 2005.
Edición:2a ed.
Etiquetas: Agregar Etiqueta
Sin Etiquetas, Sea el primero en etiquetar este registro!
LEADER 00538nam a22001695a 4500
001 EEA.libagro007489
005 20180514123254.0
008 130809s2005####ag#a##########000#0#spa#d
020 |a 9872165114 
022 |a 1669-3841 
082 0 4 |a 636.213 
100 1 |a Gimeno, Marcela A. 
245 1 0 |a Guía de identificación animal y trazabilidad de carnes argentinas /  |c Marcela A. Gimeno. 
250 |a 2a ed. 
260 |a Buenos Aires :  |b Infocampo,  |c 2005. 
300 |a 328 p. :  |b il. ;  |c 24 cm. 
859 |a AR-BbBCA  |b BIB. AGRONOMIA  |h 636.213  |i G491a2  |p 2005/4860